100 Biggest Cities of the Former Confederate States with a Map - Statistics

General Stats
  • This quiz has been taken 345 times
  • The average score is 63 of 100
Answers on the Map
Answers color-coded by a green-red scale on the quiz's map according to % correct below.
 
Answer Stats
Population State Cities % Correct
2,314,157 TX Houston
98%
364,136 LA New Orleans
98%
1,302,868 TX Dallas
97%
143,709 MS Jackson
97%
510,823 GA Atlanta
96%
985,843 FL Jacksonville
96%
618,639 TN Memphis
96%
455,924 FL Miami
96%
1,495,295 TX San Antonio
96%
979,882 TX Austin
95%
678,958 TX El Paso
95%
687,788 TN Nashville
95%
320,742 FL Orlando
95%
219,573 LA Baton Rouge
93%
155,369 SC Charleston
93%
911,311 NC Charlotte
93%
229,247 VA Richmond
93%
403,364 FL Tampa
93%
978,468 TX Fort Worth
92%
482,295 NC Raleigh
92%
202,221 FL Tallahassee
92%
203,842 AR Little Rock
91%
196,644 AL Birmingham
90%
182,595 AL Mobile
89%
147,748 GA Savannah
88%
453,649 VA Virginia Beach
88%
195,287 AL Montgomery
86%
316,595 TX Corpus Christi
83%
198,162 TN Knoxville
81%
230,930 VA Norfolk
81%
142,416 SC Columbia
80%
202,408 TX Amarillo
79%
177,959 LA Shreveport
77%
263,553 FL St. Petersburg
77%
266,878 TX Lubbock
76%
302,296 NC Greensboro
75%
187,030 TN Chattanooga
74%
225,564 AL Huntsville
74%
155,230 VA Alexandria
73%
398,431 TX Arlington
73%
200,884 GA Augusta
73%
296,186 NC Durham
73%
184,255 FL Fort Lauderdale
71%
257,602 TX Laredo
71%
128,628 GA Athens
70%
190,158 TX Brownsville
70%
156,512 GA Macon
68%
252,975 NC Winston-Salem
67%
201,877 GA Columbus
65%
121,467 LA Lafayette
65%
144,816 TX Waco
65%
146,593 TX McAllen
64%
122,698 NC Wilmington
63%
183,118 VA Newport News
62%
115,743 TX Odessa
61%
253,886 VA Chesapeake
60%
290,190 TX Plano
58%
111,338 AL Tuscaloosa
58%
209,749 NC Fayetteville
57%
224,455 FL Cape Coral
56%
138,397 TX Midland
54%
245,021 FL Port St. Lucie
53%
124,130 FL West Palm Beach
53%
145,812 FL Gainesville
52%
221,300 FL Hialeah
52%
129,043 TX Abilene
50%
112,193 TX Beaumont
48%
125,192 TX College Station
48%
121,469 SC North Charleston
47%
254,373 TX Irving
46%
165,430 TN Murfreesboro
46%
180,716 TN Clarksville
44%
116,850 FL Clearwater
44%
225,007 TX Frisco
43%
137,098 VA Hampton
43%
158,349 TX Denton
41%
243,470 TX Garland
41%
180,010 NC Cary
39%
153,859 FL Hollywood
39%
159,643 TX Killeen
39%
122,264 FL Lakeland
39%
213,509 TX McKinney
39%
146,716 TX Pasadena
35%
130,406 TX Round Rock
35%
116,926 NC High Point
34%
111,620 TX Allen
30%
110,958 TX New Braunfels
30%
134,906 FL Coral Springs
29%
202,134 TX Grand Prairie
28%
147,317 TX Mesquite
28%
171,119 FL Pembroke Pines
28%
138,319 FL Miramar
27%
132,918 TX Carrollton
25%
127,736 TX Pearland
25%
135,566 FL Palm Bay
23%
113,619 FL Pompano Beach
23%
117,435 TX Richardson
22%
110,920 GA South Fulton
21%
116,320 TX League City
20%
133,553 TX Lewisville
19%
No matching quizzes found
Score Distribution
Percent of People with Each Score
Percentile by Number Answered
Your Score History
You have not taken this quiz